000 01855cam a2200397 a 4500
999 _c129139
_d129139
001 14444323
003 ARRUPE
005 20190306101438.0
008 060710s2007 ilu b s001 0 eng
010 _a 2006022579
015 _aGBA6A2006
_2bnb
016 7 _a013618432
_2Uk
020 _a0252031539 (cloth : alk. paper)
020 _a9780252031533 (cloth : alk. paper)
035 _a(OCoLC)ocm70630390
035 _a(OCoLC)70630390
040 _aDLC
_cDLC
_dBAKER
_dUKM
_dC#P
_dYDXCP
_dBTCTA
_dIXA
_dDLC
041 1 _aeng
_hfre
050 0 0 _aB3279.H49
_bL25313 2007
082 0 0 _a193
_222
100 1 _aLacoue-Labarthe, Philippe.
_945017
245 1 0 _aHeidegger and the politics of poetry /
_cPhilippe Lacoue-Labarthe ; translated and with an introduction by Jeff Fort.
260 _aUrbana :
_bUniversity of Illinois Press,
_cc2007.
300 _axviii, 111 p. ;
_c22 cm.
500 _aTranslated from the French.
504 _aIncludes bibliographical references and index.
505 0 _aAuthor's preface -- Prologue: Heidegger's onto-mythology -- Poetry, philosophy, politics -- Il faut -- The courage of poetry -- Epilogue: the spirit of national socialism and its destiny.
546 _aTranslated from the French.
600 1 0 _aHeidegger, Martin,
_d1889-1976.
_945018
650 0 _aPoetry.
_98404
856 4 1 _3Table of contents only
_uhttp://www.loc.gov/catdir/toc/ecip0617/2006022579.html
856 4 2 _3Publisher description
_uhttp://www.loc.gov/catdir/enhancements/fy0662/2006022579-d.html
906 _a7
_bcbc
_corignew
_d1
_eecip
_f20
_gy-gencatlg
942 _2lcc
_cMONOGRAPH